| 000 | 00643nam a2200217 i 4500 | ||
|---|---|---|---|
| 001 | 105618 | ||
| 003 | ES-MaACL | ||
| 005 | 20230906183932.0 | ||
| 007 | t| | ||
| 008 | 060728s1958 ag ||||1| spa d | ||
| 080 | _a821.134.2(85)-31"19" | ||
| 100 | 1 |
_aArguedas, José María. _922708 |
|
| 245 | 1 | 4 |
_aLos ríos profundos / _cJosé María Arguedas. |
| 260 |
_aBuenos Aires : _bLosada, _c[1958] |
||
| 300 |
_a249 p. ; _c21 cm. |
||
| 490 | 1 | _aNovelistas de España y América | |
| 500 | _aBiblioteca Juan Andrade. | ||
| 830 | 0 |
_aNovelistas de España y América _9185060 |
|
| 852 |
_aES-MaACL _jAND-419 _bR.109723 |
||
| 999 |
_c105618 _d105618 |
||